00678cam2a220024100 4500001001200000008004100012035001900053035001800072100002600090245003700116260001000153949004000163949004000203004000600243591002500249591003700274591001700311591003000328591002800358900002200386909000900408999001900417zam00003726951128s1990 xx eng u a(Sirsi) r21045 a(MACHINE)SLC.1 aNoordam, D.6A82030.110aIdentification of plant viruses. c1990. aNOO1-IDEwlccmMAINtBOOKlON-SHELF aNOO1-IDEwlccmMAINtBOOKlON-SHELF21045 aClass code: AGC 634. aCourse: Nematology and Virology. aSchool: S02. aLecturer: Dr. MBEWE, D.N. aNumber of Students: 10. 2MAIN8NOO1-IDEc2 aBook c172552d172552